000 00400pab a2200169 454500
008 180718b2014 xxu||||| |||| 00| 0 eng d
100 _aMehra, Shruti
245 _aMigration: A propitious compromise
260 _c2014
300 _ap.24-25.
362 _a12 Apr
650 _aMigration
700 _aSingh, Gian
773 _aEconomic and Political Weekly
908 _aN
909 _a105681
999 _c105676
_d105676